| 000 | 00799nam a2200241 i 4500 | ||
|---|---|---|---|
| 001 | 172647 | ||
| 003 | ES-MaACL | ||
| 005 | 20250806033927.0 | ||
| 008 | 090806s1996 fr |||| | fre d | ||
| 020 | _a2-02-028535-5 | ||
| 080 | _a614.253 | ||
| 245 | 0 | 0 |
_aCode de déontologie médicale / _cintroduit et commenté par Louis René ; préface de Paul Ricoeur. |
| 260 |
_aParis : _bSeuil, _c1996. |
||
| 300 |
_a205 p. ; _c18 cm. |
||
| 490 | 1 |
_aPoints. Essais ; _v334 |
|
| 650 | 4 |
_aMédicos- _xMoral profesional. _914942 |
|
| 650 | 7 |
_aÉtica médica _2embne _912587 |
|
| 650 | 4 |
_aMédicos- _zFrancia. _9139736 |
|
| 700 | 1 |
_aRicoeur, Paul. _997042 |
|
| 830 | 1 |
_aPoints. Essais ; _v334 _9189101 |
|
| 852 | 4 |
_aES-MaACL _jE-12937 _z - Biblioteca Jacinto Martínez Lacalle |
|
| 999 |
_c172647 _d172647 |
||